El Pelayo (Record no. 164159)

MARC details
000 -LEADER
campo de control de longitud fija 00662nam a22001695i 4500
001 - NÚMERO DE CONTROL
campo de control 164159
003 - IDENTIFICADOR DE NÚMERO DE CONTROL
campo de control ES-MaACL
005 - FECHA Y HORA DE LA ÚLTIMA TRANSACCIÓN
campo de control 20250822063219.0
008 - DATOS DE LONGITUD FIJA--INFORMACIÓN GENERAL
campo de control de longitud fija 970714m18391840sp a |||| | spa d
040 ## - FUENTE DE CATALOGACIÓN
Centro catalogador/agencia de origen CYL
Lengua de catalogación spa
Centro/agencia transcriptor CYL
100 1# - ENTRADA PRINCIPAL--NOMBRE DE PERSONA
Nombre de persona Ruiz de la Vega, Domingo María,
Fechas asociadas al nombre 1789-1868
9 (RLIN) 132188
245 13 - MENCIÓN DEL TÍTULO
Título El Pelayo
Resto del título : poema épico /
Mención de responsabilidad, etc. por Domingo María Ruiz de la Vega.
260 ## - PUBLICACIÓN, DISTRIBUCIÓN, ETC.
Lugar de publicación, distribución, etc. Madrid :
Nombre del editor, distribuidor, etc. [s.n.],
Fecha de publicación, distribución, etc. 1839-1840 (
Fabricante Imp. de la Viuda de M. Calero)
300 ## - DESCRIPCIÓN FÍSICA
Extensión 3 v. (280 [i.e 380] p., [1] h. de lám ; 424 p., [1] h. de lám. ; 423 p., [1] h. de lám.) :
Otras características físicas il. ;
Dimensiones 19 cm.
852 ## - LOCALIZACIÓN
Ubicación ES-MaACL
Número de control de estantería G-10508-10
Nota libre -- Enc. hol.
Holdings
Estatus retirado Estado de pérdida Estado de daño No para préstamo Colección Biblioteca de origen Biblioteca actual Ubicación en estantería Fecha de adquisición Total de préstamos Signatura topográfica completa Código de barras Visto por última vez Precio de reemplazo Tipo de ítem Koha
        Libros del s. XIX Biblioteca del Ateneo de Madrid Biblioteca del Ateneo de Madrid Sala Pecera Planta 3 17/01/2008   G-10508-10 1172050 23/02/2023 23/02/2023 Libro impreso antiguo